Το φοβερό μυστικό
Αποθηκεύτηκε σε:
| Κύριος συγγραφέας: | |
|---|---|
| Άλλοι συγγραφείς: | |
| Μορφή: | Βιβλίο |
| Γλώσσα: | Greek German |
| Δημοσίευση: |
Αθήνα :
Εκδόσεις Άλμπατρος,
[19--].
|
| Σειρά: | Οι μεγάλες στιγμές της Λογοτεχνίας
|
| Θέματα: | |
| Ετικέτες: |
Προσθήκη ετικέτας
Δεν υπάρχουν, Καταχωρήστε ετικέτα πρώτοι!
|
MARC
| LEADER | 00000cam a2200000 a 4500 | ||
|---|---|---|---|
| 001 | 1/115433 | ||
| 008 | 171031n1900####gr | ||| |||| ||gre|| | ||
| 040 | |a GR-MyUa |b gre |c GR-MyUa |e AACR2 | ||
| 041 | 1 | |a gre |h ger | |
| 082 | 7 | |a 833 |2 (23) | |
| 100 | 1 | |a Zweig, Stefan, |d 1881-1942. | |
| 245 | 1 | 3 | |a Το φοβερό μυστικό / |c Στεφάν Τσβάιχ ; μετάφραση Δ. Δημητρίου. |
| 260 | |a Αθήνα : |b Εκδόσεις Άλμπατρος, |c [19--]. | ||
| 300 | |a 202 σ. ; |c 22 εκ. | ||
| 490 | 1 | |a (Οι μεγάλες στιγμές της Λογοτεχνίας) | |
| 650 | 0 | |a German fiction |y 20th century. | |
| 700 | 1 | |a Δημητρίου, Δ. |e trl | |
| 830 | 3 | |a Οι μεγάλες στιγμές της Λογοτεχνίας | |
| 852 | |a INST |b SAMOS |e 20171031 |h 833 ZWE |p 005300044986 |q 005300044986 |t BK |y 0 | ||
| 970 | |a Φιλιππή |b Φάλη |z 31-10-2017 | ||